00676 2200217 4500001002100000005001500021035002000036245009600056100002100152250002000173300005000193856002200243700004700265260004000312082000800352084001400360020001800374600001500392008004100407990001000448INLIS00000000114669820260210111105 a0010-02260003181 aHELLO KITTY MARI MENGGAMBAR /cPenulis; Tim EFK, Editor; Ayu Prameswary, Windarati Hapsari.0 aPenulis; Tim EFK aCetakan Pertama a13 halaman :bIlustrasi ;c21 x 26 cmeKertas aPERPUSTAKAAN UMUM0 aEditor; Ayu Prameswary, Windarati Hapsari. aJakarta :bErlangga For Kids,c2015 a397 a397 TIM h a9786022524960 4aMenggambar260210 0  a//001